000 00343nam a22001457a 4500
003 SGT
020 _a978-1-4377-1417-3
082 _a616.13, I12P
100 _aPELLERITO, JOHN S.
245 _aINTRODUCTION OT VASCULAR ULTRASONOGREPHY
260 _aPHILADELPHIA
_bELSVIER
_c2012
300 _a684
650 _aRADIOLOGY
942 _2ddc
_cBK
999 _c9041
_d9041